• 首页
  • 本馆介绍
  • 公告通知
  • 最新文献
  • 馆藏检索
  • 电子资源
  • 读者导购
  • 参考咨询
  • 我的图书馆
  • 登录
  • 详细信息显示
  • 放入我的书架
  • 预约/预借图书
  • 作者相关作品
  • 分类相关作品
  • 丛书相关作品
  • 出版社相关作品

书目信息

  • 表格格式
  • 工作单格式
  • 卡片格式
题名:
基础统计
    
 
作者: 凌明雁 , 谈留芳 , 赵雪梅 主编
分册:  
出版信息: 北京   高等教育出版社  2014
页数: 311页
开本: 26cm
丛书名:
单 册:
中图分类: C8
科图分类:
主题词: 统计学--高等职业教育--教材
电子资源:
ISBN: 978-7-04-038869-5
000 00974nam0 2200277 450
001 338720
005 20150603150942.53
010    @a978-7-04-038869-5@dCNY38.50
100    @a20140429d2014 em y0chiy50 ea
101 0  @achi
102    @aCN@b110000
105    @aa z 000yy
106    @ar
200 1  @a基础统计@Aji chu tong ji@f凌明雁, 谈留芳, 赵雪梅主编
205    @a第4版
210    @a北京@c高等教育出版社@d2014
215    @a311页@c图@d26cm
300    @a高等职业教育“十二五”规划教材 高等职业教育经管核心课程系列教材
330    @a本书分为十一个项目, 主要内容包括: 统计认知、统计调查、统计整理、综合指标分析、指数分析、抽样推断、相关与回归分析、时间序列分析、统计分析报告等。
606 0  @a统计学@x高等职业教育@j教材
690    @aC8@v5
701  0 @a凌明雁@Aling ming yan@c(职业技术)@4主编
701  0 @a谈留芳@Atan liu fang@f(1963.6)@4主编
701  0 @a赵雪梅@Azhao xue mei@c(女, @f1982)@4主编
801  0 @aCN@b卓展宏图@c20150525
905    @dC8@e113=4@f4
    
    基础统计/凌明雁, 谈留芳, 赵雪梅主编.-第4版.-北京:高等教育出版社,2014
    311页:图;26cm
    高等职业教育“十二五”规划教材 高等职业教育经管核心课程系列教材
    
    ISBN 978-7-04-038869-5:CNY38.50
    本书分为十一个项目, 主要内容包括: 统计认知、统计调查、统计整理、综合指标分析、指数分析、抽样推断、相关与回归分析、时间序列分析、统计分析报告等。
●
相关链接 在E读中查询图书 在五车中查询图书 在当当中查询图书 在豆瓣中查询图书


正题名:基础统计     索取号:C8/113=4         预约/预借

序号 登录号 条形码 馆藏地/架位号 状态 备注
1 860255   208602555   第一样本阅览室/ [索取号:C8/113=4] 在馆    
2 860256   208602564   第一借阅区/ [索取号:C8/113=4] 在馆    
3 860257   208602573   第一借阅区/ [索取号:C8/113=4] 在馆    
4 860258   208602582   第一借阅区/ [索取号:C8/113=4] 在馆    
唐山师范学院图书馆 欢迎您!
大连网信软件有限公司© 版权所有